000 00587nam a2200229Ia 4500
003 OSt
005 20221005122253.0
006 a|||||r|||| 00| 0
007 ta
008 221004b |||||||| |||| 00| 0 mal d
024 _a53083
037 _cTextual
040 _aCRL
_cCRL
_bmal
041 _2mal
_amal
082 _ak222,N5, 32J8.2
100 _aSankunni Au.
_9626972
245 0 _aItihyamala
260 _c1958
650 _aENCYCLOPEDIAS AND DICTIONARIES
_977
942 _hk222,N5, 32J8.2
_cTEXL
_2cc
999 _c1043795
_d1043795